All you need to know about aerial Earth observation... (Record no. 74910)
[ view plain ]
| 000 -LEADER | |
|---|---|
| fixed length control field | 01068cab a2200253 4500 |
| 001 - CONTROL NUMBER | |
| control field | X129040 |
| 008 - FIXED-LENGTH DATA ELEMENTS--GENERAL INFORMATION | |
| fixed length control field | 050314n2005 000 0 eng u |
| 035 ## - SYSTEM CONTROL NUMBER | |
| System control number | (Sirsi) u129040 |
| 100 ## - MAIN ENTRY--PERSONAL NAME | |
| Personal name | Shannon, J. |
| 245 ## - TITLE STATEMENT | |
| Title | All you need to know about aerial Earth observation... |
| 260 ## - PUBLICATION, DISTRIBUTION, ETC. | |
| Date of publication, distribution, etc. | 2005 |
| 490 ## - SERIES STATEMENT | |
| Series statement | GIS Professional |
| Volume/sequential designation | (3) March/April 2005, 26-29(4) |
| 520 ## - SUMMARY, ETC. | |
| Summary, etc. | Surveys recent developments in and current options for airborne earth observation including traditional photogrammetric aerial photography, integrated vertical/oblique imaging and Lidar, which provides very accurate height data. Concludes that entirely digital workflows will more than likely become the norm as existing analogue technology stops being produced, although it will require heavy investment by mapping companies. References. |
| 590 ## - LOCAL NOTE (RLIN) | |
| Local note | ABS |
| 650 ## - SUBJECT ADDED ENTRY--TOPICAL TERM | |
| Topical term or geographic name entry element | AERIAL PHOTOGRAPHY |
| 650 ## - SUBJECT ADDED ENTRY--TOPICAL TERM | |
| Topical term or geographic name entry element | GIS |
| 650 ## - SUBJECT ADDED ENTRY--TOPICAL TERM | |
| Topical term or geographic name entry element | EARTH OBSERVATION |
| 650 ## - SUBJECT ADDED ENTRY--TOPICAL TERM | |
| Topical term or geographic name entry element | MAPPING |
| 650 ## - SUBJECT ADDED ENTRY--TOPICAL TERM | |
| Topical term or geographic name entry element | THERMAL IMAGING |
| 650 ## - SUBJECT ADDED ENTRY--TOPICAL TERM | |
| Topical term or geographic name entry element | LIDAR |
| 650 ## - SUBJECT ADDED ENTRY--TOPICAL TERM | |
| Topical term or geographic name entry element | PHOTOGRAMMETRY |
| 690 ## - LOCAL SUBJECT ADDED ENTRY--TOPICAL TERM (OCLC, RLIN) | |
| Topical term or geographic name as entry element | Geomatics |
| 9 (RLIN) | 6242 |
| 942 ## - ADDED ENTRY ELEMENTS (KOHA) | |
| Suppress in OPAC | 0 |
| Withdrawn status | Lost status | Source of classification or shelving scheme | Damaged status | Not for loan | Home library | Current library | Shelving location | Date acquired | Total Checkouts | Full call number | Barcode | Date last seen | Copy number | Price effective from | Koha item type |
|---|---|---|---|---|---|---|---|---|---|---|---|---|---|---|---|
| Dewey Decimal Classification | London | London | Journal article | 14/03/2005 | X129040 | 129040-1001 | 06/08/2019 | 1 | 06/08/2019 | Journal article |